000
00326nam a2200133 a 4500
008
120416s2002 ||||||||||||||||| || u
020
_a
0072470321
050
_a
HF 5548.4.M523 Haa
100
_a
Haag, Stephen
245
1
0
_a
Microsoft excel 2002
260
_a
Boston
_b
McGraw-Hill
_c
2002
300
_a
xx, : ill.
942
_2
lcc
999
_c
85003
_d
85003